[Event "Edmonton June op1"]
[Site "Edmonton CAN"]
[Date "2005.06.04"]
[Round "2"]
[White "Gardner, Robert"]
[Black "Haessel, Dale"]
[Result "0-1"]
[WhiteElo "2185"]
[BlackElo "2225"]
[PlyCount "144"]
[GameId "2160767910968073"]
[EventDate "2005.06.03"]
[EventType "swiss"]
[EventRounds "5"]
[EventCountry "CAN"]
[SourceTitle "EXT 2008"]
[Source "ChessBase"]
[SourceDate "2007.11.25"]
[SourceVersion "1"]
[SourceVersionDate "2007.11.25"]
[SourceQuality "1"]

1. d4 Nf6 2. c4 g6 3. Nc3 d5 4. h4 h6 5. cxd5 Nxd5 6. e4 Nxc3 7. bxc3 Bg7 8. Be3 c5 9. Qd2 Qa5 10. h5 g5 11. Bc4 cxd4 12. cxd4 Qxd2+ 13. Kxd2 O-O 14. Ne2 Nc6 15. Rad1 Rd8 16. Ke1 e6 17. f3 a6 18. d5 exd5 19. Bb6 Re8 20. Bxd5 Nb4 21. Kf2 Nxd5 22. exd5 Bd7 23. d6 Re6 24. Ng3 Bc6 25. Ne4 Bxe4 26. fxe4 Bf6 27. Rhe1 Bd8 28. Bc7 Rc8 29. Bxd8 Rxd8 30. e5 f6 31. Rd5 Kf7 32. Rc1 Rxe5 33. Rc7+ Ke6 34. Rxe5+ Kxe5 35. Rh7 Rxd6 36. Rxh6 Kf4 37. Rh8 Rd2+ 38. Kf1 Kg3 39. h6 Rxg2 40. Rf8 Rh2 41. Rxf6 Rxa2 42. h7 Ra1+ 43. Ke2 Rh1 44. Rf7 b5 45. Rg7 g4 46. Ke3 Rh5 47. Ke4 a5 48. Rb7 a4 49. Ra7 Kh2 50. Rg7 a3 51. Kf4 g3 52. Rxg3 Rh4+ 53. Kf3 Rxh7 54. Rg2+ Kh1 55. Ra2 Rh3+ 56. Ke4 Rc3 57. Ra1+ Kg2 58. Rb1 Rc4+ 59. Kd3 Ra4 60. Kc3 Kf3 61. Kb3 Ke3 62. Ra1 Kd2 63. Ka2 Kc3 64. Rh1 Rd4 65. Rc1+ Kb4 66. Rc2 Ka4 67. Rh2 b4 68. Rh1 b3+ 69. Ka1 a2 70. Kb2 Rd2+ 71. Kc3 Rc2+ 72. Kd3 Ka3 0-1

[Event "Edmonton June op1"]
[Site "Edmonton CAN"]
[Date "2005.06.04"]
[Round "2"]
[White "Reeve, Jeff"]
[Black "Huber, Gregory"]
[Result "1/2-1/2"]
[WhiteElo "2237"]
[BlackElo "2221"]
[PlyCount "67"]
[GameId "2160767910968074"]
[EventDate "2005.06.03"]
[EventType "swiss"]
[EventRounds "5"]
[EventCountry "CAN"]
[SourceTitle "EXT 2008"]
[Source "ChessBase"]
[SourceDate "2007.11.25"]
[SourceVersion "1"]
[SourceVersionDate "2007.11.25"]
[SourceQuality "1"]

1. e4 c5 2. Nf3 e6 3. d4 cxd4 4. Nxd4 a6 5. Nc3 d6 6. g4 Nc6 7. Be3 Nge7 8. Bg2 Nxd4 9. Qxd4 Nc6 10. Qb6 Qxb6 11. Bxb6 Ne5 12. O-O-O Be7 13. f4 Nc4 14. Bf2 Bd7 15. g5 Rc8 16. h4 b5 17. Rh3 O-O 18. e5 Bc6 19. Bxc6 Rxc6 20. b3 Na5 21. exd6 Bxd6 22. Rxd6 Rxd6 23. Bc5 Rc6 24. Bxf8 Kxf8 25. Kd2 Ke7 26. Rd3 Nb7 27. Ne4 Nc5 28. Nxc5 Rxc5 29. Rd4 f6 30. c4 fxg5 31. cxb5 axb5 32. fxg5 h6 33. gxh6 gxh6 34. a4 1/2-1/2

[Event "Edmonton June op1"]
[Site "Edmonton CAN"]
[Date "2005.06.04"]
[Round "2"]
[White "Yearwood, Roy"]
[Black "Kazakevich, Anastasia"]
[Result "0-1"]
[WhiteElo "2072"]
[BlackElo "1970"]
[PlyCount "50"]
[GameId "2160767910968075"]
[EventDate "2005.06.03"]
[EventType "swiss"]
[EventRounds "5"]
[EventCountry "CAN"]
[SourceTitle "EXT 2008"]
[Source "ChessBase"]
[SourceDate "2007.11.25"]
[SourceVersion "1"]
[SourceVersionDate "2007.11.25"]
[SourceQuality "1"]

1. e4 c5 2. Nf3 e6 3. Bc4 a6 4. d3 b5 5. Bb3 Bb7 6. O-O d6 7. Re1 Nf6 8. a4 Nc6 9. c4 b4 10. Bg5 e5 11. Nbd2 Be7 12. Nf1 Nd7 13. Bxe7 Qxe7 14. Ne3 O-O-O 15. Nd5 Qe6 16. a5 f5 17. Ba4 g6 18. Ng5 Qe8 19. exf5 gxf5 20. d4 Nxd4 21. Nb6+ Kc7 22. Nxd7 Qg6 23. h4 h6 24. Rxe5 Rxd7 25. Re3 Rg7 0-1

[Event "Edmonton June op1"]
[Site "Edmonton CAN"]
[Date "2005.06.04"]
[Round "3"]
[White "Haessel, Dale"]
[Black "Reeve, Jeff"]
[Result "0-1"]
[WhiteElo "2225"]
[BlackElo "2237"]
[PlyCount "96"]
[GameId "2160767910968076"]
[EventDate "2005.06.03"]
[EventType "swiss"]
[EventRounds "5"]
[EventCountry "CAN"]
[SourceTitle "EXT 2008"]
[Source "ChessBase"]
[SourceDate "2007.11.25"]
[SourceVersion "1"]
[SourceVersionDate "2007.11.25"]
[SourceQuality "1"]

1. c4 e5 2. g3 c6 3. d4 e4 4. Nc3 d5 5. Bg2 Nf6 6. Qb3 dxc4 7. Qxc4 b5 8. Qb3 Qxd4 9. Bg5 Bf5 10. Rd1 Qe5 11. f4 Qe6 12. Qxe6+ fxe6 13. Bxf6 gxf6 14. Nxe4 Bb4+ 15. Nc3 Ke7 16. Nf3 Bxc3+ 17. bxc3 Be4 18. Kf2 a6 19. c4 c5 20. Nd2 Bxg2 21. Kxg2 Rd8 22. Nb3 Rxd1 23. Rxd1 Nd7 24. Kf3 Rc8 25. g4 Rc6 26. h4 h6 27. e4 Rd6 28. Rxd6 Kxd6 29. Ke3 Kc6 30. Kd3 Nf8 31. h5 e5 32. f5 Nh7 33. Nd2 Ng5 34. Ke3 Kb6 35. Nf3 Nf7 36. Kd3 Ka5 37. Nd2 Kb4 38. cxb5 axb5 39. Nb1 c4+ 40. Kc2 Nd6 41. a3+ Ka4 42. Kb2 b4 43. axb4 Kxb4 44. Nc3 Kc5 45. Kc2 Kd4 46. Kd2 Ne8 47. Nb5+ Kxe4 48. Kc3 Kf4 0-1

[Event "Edmonton June op1"]
[Site "Edmonton CAN"]
[Date "2005.06.04"]
[Round "3"]
[White "Huber, Gregory"]
[Black "Yermolinsky, Alex"]
[Result "1/2-1/2"]
[WhiteElo "2221"]
[BlackElo "2570"]
[PlyCount "44"]
[GameId "2160767910968078"]
[EventDate "2005.06.03"]
[EventType "swiss"]
[EventRounds "5"]
[EventCountry "CAN"]
[SourceTitle "EXT 2008"]
[Source "ChessBase"]
[SourceDate "2007.11.25"]
[SourceVersion "1"]
[SourceVersionDate "2007.11.25"]
[SourceQuality "1"]

1. d4 Nf6 2. Bg5 e6 3. e4 c5 4. d5 d6 5. Nc3 Be7 6. Bb5+ Bd7 7. Bxd7+ Nbxd7 8. dxe6 fxe6 9. Nf3 O-O 10. O-O a6 11. Qd3 b5 12. Rad1 Qc7 13. a3 Rad8 14. Bh4 Ne5 15. Nxe5 dxe5 16. Qh3 Qc6 17. f3 b4 18. Nb1 a5 19. Qg3 Qc7 20. Qh3 Qc6 21. Qg3 Qc7 22. Qh3 Qc6 1/2-1/2

[Event "Edmonton June op1"]
[Site "Edmonton CAN"]
[Date "2005.06.05"]
[Round "4"]
[White "Huber, Gregory"]
[Black "Haessel, Dale"]
[Result "1-0"]
[WhiteElo "2221"]
[BlackElo "2225"]
[PlyCount "51"]
[GameId "2160767910968080"]
[EventDate "2005.06.03"]
[EventType "swiss"]
[EventRounds "5"]
[EventCountry "CAN"]
[SourceTitle "EXT 2008"]
[Source "ChessBase"]
[SourceDate "2007.11.25"]
[SourceVersion "1"]
[SourceVersionDate "2007.11.25"]
[SourceQuality "1"]

1. e4 c5 2. Nf3 d6 3. d4 cxd4 4. Nxd4 Nf6 5. Nc3 a6 6. Bc4 e6 7. Bb3 Nbd7 8. f4 Nc5 9. f5 Be7 10. Qf3 e5 11. Nde2 b5 12. Bg5 O-O 13. O-O Nxb3 14. axb3 Bb7 15. Bxf6 Bxf6 16. Rfd1 Rc8 17. Qd3 Qb6+ 18. Kh1 Rfd8 19. Ng3 Qc5 20. Rd2 Bg5 21. Re2 Bf4 22. Rd1 Rd7 23. Nh5 Bg5 24. Qg3 f6 25. h4 Bf4 26. Nxf6+ 1-0

[Event "Edmonton June op1"]
[Site "Edmonton CAN"]
[Date "2005.06.05"]
[Round "4"]
[White "Hughey, Micah"]
[Black "Kazakevich, Anastasia"]
[Result "1/2-1/2"]
[WhiteElo "2114"]
[BlackElo "1970"]
[PlyCount "62"]
[GameId "2160767910968081"]
[EventDate "2005.06.03"]
[EventType "swiss"]
[EventRounds "5"]
[EventCountry "CAN"]
[SourceTitle "EXT 2008"]
[Source "ChessBase"]
[SourceDate "2007.11.25"]
[SourceVersion "1"]
[SourceVersionDate "2007.11.25"]
[SourceQuality "1"]

1. e4 c5 2. c3 d5 3. exd5 Qxd5 4. d4 cxd4 5. cxd4 Nc6 6. Nf3 e6 7. Bd3 Nf6 8. O-O Be7 9. Nc3 Qd8 10. a3 O-O 11. Bg5 b6 12. Rc1 Bb7 13. Bb1 Rc8 14. Qd3 g6 15. Rfd1 Nd5 16. Ne4 Bxg5 17. Nfxg5 f5 18. Nxe6 fxe4 19. Nxd8 exd3 20. Nxb7 Nxd4 21. Bxd3 Nf4 22. Bc4+ Kh8 23. Rxd4 Ne2+ 24. Bxe2 Rxc1+ 25. Bd1 Rf7 26. Nd8 Re7 27. Kf1 Rcc7 28. Bb3 Rc1+ 29. Bd1 Rcc7 30. Bb3 Rc1+ 31. Bd1 Rcc7 1/2-1/2

[Event "Edmonton June op1"]
[Site "Edmonton CAN"]
[Date "2005.06.05"]
[Round "4"]
[White "Yermolinsky, Alex"]
[Black "Gardner, Robert"]
[Result "1-0"]
[WhiteElo "2570"]
[BlackElo "2185"]
[PlyCount "61"]
[GameId "2160767910968082"]
[EventDate "2005.06.03"]
[EventType "swiss"]
[EventRounds "5"]
[EventCountry "CAN"]
[SourceTitle "EXT 2008"]
[Source "ChessBase"]
[SourceDate "2007.11.25"]
[SourceVersion "1"]
[SourceVersionDate "2007.11.25"]
[SourceQuality "1"]

1. d4 d6 2. c4 e5 3. Nc3 exd4 4. Qxd4 Nc6 5. Qd2 Be7 6. g3 Be6 7. b3 Bf6 8. Bg2 Nge7 9. Bb2 Qd7 10. Nf3 O-O-O 11. O-O Rdg8 12. Rfd1 h5 13. c5 dxc5 14. Qf4 Nd4 15. Nxd4 cxd4 16. Ne4 Nc6 17. Nxf6 gxf6 18. Qxf6 Rd8 19. Rac1 Bd5 20. e4 Be6 21. b4 a6 22. a4 Bb3 23. b5 axb5 24. axb5 Bxd1 25. bxc6 bxc6 26. Rxd1 Qe6 27. Bh3 Qxh3 28. Qxc6 Qe6 29. Qa8+ Kd7 30. Rxd4+ Ke7 31. Ba3+ 1-0

[Event "Edmonton June op1"]
[Site "Edmonton CAN"]
[Date "2005.06.05"]
[Round "5"]
[White "Gardner, Robert"]
[Black "Reeve, Jeff"]
[Result "1/2-1/2"]
[WhiteElo "2185"]
[BlackElo "2237"]
[PlyCount "58"]
[GameId "2160767910968083"]
[EventDate "2005.06.03"]
[EventType "swiss"]
[EventRounds "5"]
[EventCountry "CAN"]
[SourceTitle "EXT 2008"]
[Source "ChessBase"]
[SourceDate "2007.11.25"]
[SourceVersion "1"]
[SourceVersionDate "2007.11.25"]
[SourceQuality "1"]

1. f4 c5 2. b3 Nf6 3. Bb2 e6 4. Nf3 b6 5. e3 Bb7 6. Be2 Nc6 7. O-O d5 8. d4 Be7 9. Ne5 O-O 10. Rf3 Ne4 11. Rh3 f6 12. Ba6 Bxa6 13. Nxc6 Qe8 14. Nxe7+ Qxe7 15. dxc5 bxc5 16. Nc3 Nxc3 17. Bxc3 Rad8 18. Qh5 g6 19. Rg3 Rf7 20. Re1 Rg7 21. Qh4 Rf7 22. Qh5 Bc8 23. h4 Rg7 24. Qe2 Bb7 25. Bb2 h5 26. Qd3 Kh7 27. Qc3 Rf7 28. Qd3 Rg7 29. Qc3 Rf7 1/2-1/2

[Event "Edmonton June op1"]
[Site "Edmonton CAN"]
[Date "2005.06.05"]
[Round "5"]
[White "Haessel, Dale"]
[Black "Yermolinsky, Alex"]
[Result "0-1"]
[WhiteElo "2225"]
[BlackElo "2570"]
[PlyCount "48"]
[GameId "2160767910968084"]
[EventDate "2005.06.03"]
[EventType "swiss"]
[EventRounds "5"]
[EventCountry "CAN"]
[SourceTitle "EXT 2008"]
[Source "ChessBase"]
[SourceDate "2007.11.25"]
[SourceVersion "1"]
[SourceVersionDate "2007.11.25"]
[SourceQuality "1"]

1. c4 e6 2. g3 d5 3. Bg2 Nf6 4. Nf3 dxc4 5. Qa4+ Nbd7 6. O-O c5 7. Nc3 a6 8. Qxc4 b5 9. Qb3 Bb7 10. d3 Rc8 11. Nd2 Bxg2 12. Kxg2 Qc7 13. a4 c4 14. dxc4 Qc6+ 15. Kg1 bxc4 16. Qc2 Be7 17. a5 O-O 18. Ra4 Ne5 19. Nd1 Nd5 20. Nc3 f5 21. e4 Nb4 22. Qd1 Rfd8 23. Qe2 Nbd3 24. f4 Nxc1 0-1

[Event "Edmonton June op2"]
[Site "Edmonton CAN"]
[Date "2005.06.02"]
[Round "1"]
[White "Dewindt, Cor"]
[Black "Karmali, Hafiz"]
[Result "0-1"]
[WhiteElo "1414"]
[BlackElo "1867"]
[PlyCount "112"]
[GameId "2160767910968088"]
[EventDate "2005.06.02"]
[EventType "swiss"]
[EventRounds "5"]
[EventCountry "CAN"]
[SourceTitle "EXT 2008"]
[Source "ChessBase"]
[SourceDate "2007.11.25"]
[SourceVersion "1"]
[SourceVersionDate "2007.11.25"]
[SourceQuality "1"]

1. Nf3 d5 2. d4 e6 3. g3 Bd6 4. Bg2 f5 5. Bg5 Nf6 6. Bxf6 Qxf6 7. e3 O-O 8. O-O Nd7 9. Nbd2 c6 10. c3 e5 11. dxe5 Nxe5 12. Nxe5 Bxe5 13. Nf3 Bc7 14. Qc2 Be6 15. Nd4 Bd7 16. Rad1 Rad8 17. Rfe1 g5 18. c4 dxc4 19. Qxc4+ Kh8 20. Ne2 Be5 21. b3 Be6 22. Qc2 h5 23. f4 Bc7 24. Nd4 Rfe8 25. Nxe6 Rxe6 26. Rxd8+ Bxd8 27. fxg5 Qxg5 28. e4 h4 29. Qc3+ Bf6 30. Qf3 fxe4 31. Rxe4 Qc5+ 32. Qf2 Qc1+ 33. Bf1 Rd6 34. Qxa7 Bd4+ 35. Rxd4 Qe3+ 36. Kh1 Qxd4 37. Qxb7 Qe4+ 38. Kg1 Qd4+ 39. Kg2 h3+ 40. Kxh3 Rh6+ 41. Kg2 Qd2+ 42. Kf3 Rf6+ 43. Kg4 Qd1+ 44. Kg5 Qxf1 45. Qc8+ Rf8 46. Qe6 Qc1+ 47. Kh4 Qc2 48. Qh6+ Qh7 49. Qxh7+ Kxh7 50. g4 Rf2 51. h3 Rxa2 52. Kh5 Ra5+ 53. g5 Rb5 54. h4 Rxb3 55. g6+ Kg7 56. Kg5 Rb5+ 0-1

[Event "Edmonton June op2"]
[Site "Edmonton CAN"]
[Date "2005.06.16"]
[Round "3"]
[White "Karmali, Hafiz"]
[Black "Laboucane, Randy"]
[Result "1-0"]
[WhiteElo "1867"]
[BlackElo "1570"]
[PlyCount "97"]
[GameId "2160767910968089"]
[EventDate "2005.06.02"]
[EventType "swiss"]
[EventRounds "5"]
[EventCountry "CAN"]
[SourceTitle "EXT 2008"]
[Source "ChessBase"]
[SourceDate "2007.11.25"]
[SourceVersion "1"]
[SourceVersionDate "2007.11.25"]
[SourceQuality "1"]

1. e4 c5 2. Nf3 d6 3. d4 cxd4 4. Nxd4 Nf6 5. Nc3 a6 6. Bg5 e6 7. Qd2 Be7 8. Be2 Qc7 9. O-O-O b5 10. f3 Nbd7 11. a3 Bb7 12. Rhe1 Rc8 13. Nb3 h6 14. Bf4 e5 15. Be3 d5 16. exd5 Bxd5 17. Na1 Bb7 18. Bxb5 axb5 19. Nxb5 Qc4 20. Nd6+ Bxd6 21. Qxd6 Rc6 22. Qb4 Qxb4 23. axb4 O-O 24. Nb3 Rfc8 25. c3 R6c7 26. Nc5 Nxc5 27. Bxc5 e4 28. f4 Rd7 29. Rxd7 Nxd7 30. Bd4 Bd5 31. Kc2 Ra8 32. Be3 f5 33. Rd1 Nf6 34. h3 h5 35. Rd4 Kf7 36. c4 Be6 37. b5 Nd7 38. Kc3 Nc5 39. Rd6 Nd3 40. c5 Ke7 41. Rb6 Rc8 42. Rb7+ Kd8 43. c6 Bd5 44. Rd7+ Ke8 45. Rxd5 Ne1 46. Re5+ Kf7 47. Rxf5+ Kg6 48. Rg5+ Kf6 49. Bd4+ 1-0

[Event "Edmonton June op2"]
[Site "Edmonton CAN"]
[Date "2005.06.17"]
[Round "3"]
[White "Mendryk, Wayne"]
[Black "Dean, Tim"]
[Result "0-1"]
[WhiteElo "1473"]
[BlackElo "2002"]
[PlyCount "36"]
[GameId "2160767910968092"]
[EventDate "2005.06.02"]
[EventType "swiss"]
[EventRounds "5"]
[EventCountry "CAN"]
[SourceTitle "EXT 2008"]
[Source "ChessBase"]
[SourceDate "2007.11.25"]
[SourceVersion "1"]
[SourceVersionDate "2007.11.25"]
[SourceQuality "1"]

1. e4 e5 2. Nf3 Nc6 3. Bb5 a6 4. Ba4 Nf6 5. O-O Be7 6. Re1 b5 7. Bb3 O-O 8. c3 d5 9. exd5 Nxd5 10. Nxe5 Nxe5 11. Rxe5 c6 12. d4 Bd6 13. Re1 Qh4 14. g3 Qh3 15. Re4 g5 16. Qf3 Bf5 17. Re1 Rae8 18. Be3 Be4 0-1

[Event "Edmonton June op2"]
[Site "Edmonton CAN"]
[Date "2005.06.12"]
[Round "4"]
[White "Rekhson, Vladislav"]
[Black "Mrugala, David"]
[Result "1-0"]
[WhiteElo "2046"]
[BlackElo "1799"]
[PlyCount "37"]
[GameId "2160767910968093"]
[EventDate "2005.06.02"]
[EventType "swiss"]
[EventRounds "5"]
[EventCountry "CAN"]
[SourceTitle "EXT 2008"]
[Source "ChessBase"]
[SourceDate "2007.11.25"]
[SourceVersion "1"]
[SourceVersionDate "2007.11.25"]
[SourceQuality "1"]

1. e4 c6 2. d4 d5 3. e5 Bf5 4. Ne2 e6 5. Ng3 Bg6 6. h4 h6 7. h5 Bh7 8. Bd3 Bxd3 9. cxd3 Nd7 10. Nc3 Qb6 11. Qg4 c5 12. dxc5 Bxc5 13. O-O Ne7 14. Nce2 Nf5 15. Nxf5 exf5 16. Qxg7 O-O-O 17. Qxf7 Nxe5 18. Qxf5+ Nd7 19. Qxd5 1-0

[Event "Edmonton June op2"]
[Site "Edmonton CAN"]
[Date "2005.06.23"]
[Round "4"]
[White "Seehagen, Terry"]
[Black "Karmali, Hafiz"]
[Result "0-1"]
[WhiteElo "1586"]
[BlackElo "1867"]
[PlyCount "112"]
[GameId "2160767910968094"]
[EventDate "2005.06.02"]
[EventType "swiss"]
[EventRounds "5"]
[EventCountry "CAN"]
[SourceTitle "EXT 2008"]
[Source "ChessBase"]
[SourceDate "2007.11.25"]
[SourceVersion "1"]
[SourceVersionDate "2007.11.25"]
[SourceQuality "1"]

1. e4 e6 2. Nf3 d5 3. e5 c5 4. b4 cxb4 5. d4 Nc6 6. a3 Bd7 7. axb4 Bxb4+ 8. c3 Be7 9. Bd3 f5 10. O-O a6 11. Be3 b5 12. Nfd2 Na5 13. Qh5+ g6 14. Qh3 Nc4 15. Nxc4 dxc4 16. Be2 Bc6 17. Nd2 Bd5 18. g4 Bg5 19. f4 Bh6 20. gxf5 exf5 21. Nf3 Bg7 22. Bf2 Ne7 23. Bh4 O-O 24. Ng5 h6 25. Bf3 hxg5 26. Bxd5+ Qxd5 27. Bxg5 Nc6 28. Rfe1 Rfe8 29. Rab1 a5 30. Re3 Re6 31. Rbe1 Kf7 32. Qg2 Ne7 33. Rf3 b4 34. h4 bxc3 35. h5 gxh5 36. Qh3 Rh8 37. Bxe7 Kxe7 38. Rg3 Qxd4+ 39. Kh1 Qxf4 40. Rxg7+ Kf8 41. Rf1 Qe4+ 42. Rg2 Rxe5 43. Qg3 Re7 44. Rxf5+ Qxf5 45. Rf2 Re1+ 46. Kh2 Re2 47. Rxe2 Qd7 48. Qf4+ Qf7 49. Qd6+ Kg8 50. Rg2+ Kh7 51. Qc6 Rf8 52. Qe4+ Qf5 53. Qe7+ Rf7 54. Qe8 c2 55. Rg8 Qf2+ 56. Kh3 Rf3+ 0-1

[Event "Edmonton June op2"]
[Site "Edmonton CAN"]
[Date "2005.06.30"]
[Round "5"]
[White "Karmali, Hafiz"]
[Black "Dean, Tim"]
[Result "1-0"]
[WhiteElo "1867"]
[BlackElo "2002"]
[PlyCount "137"]
[GameId "2160767910968095"]
[EventDate "2005.06.02"]
[EventType "swiss"]
[EventRounds "5"]
[EventCountry "CAN"]
[SourceTitle "EXT 2008"]
[Source "ChessBase"]
[SourceDate "2007.11.25"]
[SourceVersion "1"]
[SourceVersionDate "2007.11.25"]
[SourceQuality "1"]

1. d4 d5 2. c4 e6 3. Nc3 c6 4. e4 dxe4 5. Nxe4 Bb4+ 6. Nc3 Nf6 7. Nf3 c5 8. Be3 cxd4 9. Nxd4 O-O 10. Qc2 e5 11. Nf3 Nc6 12. Rd1 Qa5 13. Be2 Bg4 14. O-O Bxc3 15. bxc3 e4 16. Nd4 Bxe2 17. Nxe2 Ne5 18. Ng3 Nxc4 19. Bd4 Ne5 20. Nxe4 Nxe4 21. Qxe4 Nc6 22. Rfe1 Rad8 23. Rd3 Nxd4 24. cxd4 Qxa2 25. Qxb7 Qc4 26. Qe4 Rd6 27. d5 Qxe4 28. Rxe4 Rb8 29. Kf1 Kf8 30. Ke2 Rbd8 31. Red4 f5 32. Kd2 Kf7 33. Kc3 Rc8+ 34. Rc4 Rxc4+ 35. Kxc4 Ke7 36. Kc5 Ra6 37. Rb3 Ra5+ 38. Kc6 Ra6+ 39. Kc7 Rb6 40. Re3+ Kf6 41. d6 Rb1 42. Rd3 Rc1+ 43. Kb7 Rb1+ 44. Kxa7 Ra1+ 45. Kb7 Rb1+ 46. Kc7 Rc1+ 47. Kd8 Kf7 48. d7 Rc2 49. Rf3 Rd2 50. Rxf5+ Ke6 51. Ra5 Rxd7+ 52. Ke8 Re7+ 53. Kf8 Rf7+ 54. Kg8 Rxf2 55. Rg5 h5 56. Kxg7 h4 57. h3 Ra2 58. Kg6 Ra8 59. Kh5 Rh8+ 60. Kg4 Kf6 61. Rh5 Rg8+ 62. Kf3 Rg3+ 63. Kf2 Ra3 64. Rxh4 Ra2+ 65. Kf3 Ra3+ 66. Kg4 Kg6 67. Rh8 Ra4+ 68. Kg3 Ra3+ 69. Kh2 1-0

[Event "Edmonton March Invitational"]
[Site "Edmonton CAN"]
[Date "2005.03.04"]
[Round "1"]
[White "Kazakevich, Anastasia"]
[Black "Gardner, Robert"]
[Result "0-1"]
[WhiteElo "1828"]
[BlackElo "2250"]
[PlyCount "70"]
[GameId "2160767910965505"]
[EventDate "2005.03.04"]
[EventType "tourn"]
[EventRounds "5"]
[EventCountry "CAN"]
[WhiteTeam "Canada"]
[BlackTeam "Canada"]
[WhiteTeamCountry "CAN"]
[BlackTeamCountry "CAN"]

1. d4 Nf6 2. c4 e6 3. Nc3 Bb4 4. Qc2 O-O 5. e3 c5 6. Bd3 cxd4 7. exd4 d5 8. Nf3 dxc4 9. Bxc4 Nc6 10. Be3 Be7 11. O-O Nb4 12. Qe2 b6 13. Rac1 Bb7 14. a3 Nbd5 15. Nxd5 Nxd5 16. Ba6 Bxa6 17. Qxa6 Bd6 18. Rc2 Bf4 19. Bxf4 Nxf4 20. Rfc1 Qd5 21. Kf1 Qe4 22. Rc8 Raxc8 23. Rxc8 g6 24. Rc1 Nxg2 25. Kxg2 Qg4+ 26. Kf1 Qxf3 27. Rc3 Qd1+ 28. Kg2 Qxd4 29. Qxa7 Rd8 30. Rf3 Rd7 31. Qa8+ Kg7 32. b4 Rd5 33. Qb7 Qg4+ 34. Rg3 Qe4+ 35. f3 Rd2+ 0-1

[Event "Edmonton March Invitational"]
[Site "Edmonton CAN"]
[Date "2005.03.05"]
[Round "2"]
[White "Gardner, Robert"]
[Black "Li, Zhichao"]
[Result "0-1"]
[WhiteElo "2250"]
[BlackElo "2210"]
[PlyCount "70"]
[GameId "2160767910965506"]
[EventDate "2005.03.04"]
[EventType "tourn"]
[EventRounds "5"]
[EventCountry "CAN"]
[WhiteTeam "Canada"]
[BlackTeam "Canada"]
[WhiteTeamCountry "CAN"]
[BlackTeamCountry "CAN"]

1. f4 c5 2. b3 b6 3. Bb2 Bb7 4. e3 Nf6 5. Nf3 g6 6. Be2 Bg7 7. O-O O-O 8. d3 d6 9. c4 Nbd7 10. e4 e6 11. Qd2 Qc7 12. Nc3 Rad8 13. Ng5 a6 14. g4 Bc6 15. f5 Rde8 16. Nh3 exf5 17. gxf5 b5 18. Rf2 bxc4 19. bxc4 Ne5 20. Raf1 Rb8 21. fxg6 fxg6 22. Ng5 Qe7 23. Nd5 Nxd5 24. Rxf8+ Bxf8 25. Bxe5 Qxe5 26. cxd5 Bd7 27. Nf7 Qd4+ 28. Kh1 Bh3 29. Qf4 Bxf1 30. Bxf1 Bg7 31. Qxd6 Rf8 32. Bh3 Rxf7 33. Be6 Qa1+ 34. Kg2 Qf1+ 35. Kg3 Qf3+ 0-1

[Event "Edmonton March Invitational"]
[Site "Edmonton CAN"]
[Date "2005.03.05"]
[Round "3"]
[White "Hughey, Micah"]
[Black "Gardner, Robert"]
[Result "1-0"]
[WhiteElo "2054"]
[BlackElo "2250"]
[PlyCount "67"]
[GameId "2160767910965507"]
[EventDate "2005.03.04"]
[EventType "tourn"]
[EventRounds "5"]
[EventCountry "CAN"]
[WhiteTeam "Canada"]
[BlackTeam "Canada"]
[WhiteTeamCountry "CAN"]
[BlackTeamCountry "CAN"]

1. e4 d6 2. d4 Nf6 3. Nc3 g6 4. Bc4 Bg7 5. Qe2 Nc6 6. e5 Nd7 7. Nf3 Nb6 8. Bb3 O-O 9. h3 Na5 10. O-O Nxb3 11. axb3 f6 12. Rd1 fxe5 13. dxe5 d5 14. b4 e6 15. Ne4 Nd7 16. Bg5 Qe8 17. Nf6+ Nxf6 18. exf6 Bh8 19. Bh6 Rxf6 20. Rxd5 Bd7 21. Rc5 Rf5 22. Rxc7 Bc6 23. Re1 Bd5 24. c4 Qd8 25. Rc5 b6 26. cxd5 bxc5 27. Qxe6+ Rf7 28. Ng5 Qd7 29. Nxf7 Qxf7 30. Qxf7+ Kxf7 31. bxc5 Bxb2 32. d6 Ba3 33. Re7+ Kf6 34. Bg7+ 1-0

[Event "Edmonton March Invitational"]
[Site "Edmonton CAN"]
[Date "2005.03.05"]
[Round "3"]
[White "Rekhson, Vladislav"]
[Black "Grumic, Sasha"]
[Result "1-0"]
[WhiteElo "2083"]
[BlackElo "2098"]
[PlyCount "59"]
[GameId "2160767910965508"]
[EventDate "2005.03.04"]
[EventType "tourn"]
[EventRounds "5"]
[EventCountry "CAN"]
[WhiteTeam "Canada"]
[BlackTeam "Canada"]
[WhiteTeamCountry "CAN"]
[BlackTeamCountry "CAN"]

1. e4 c5 2. Nf3 d6 3. d4 cxd4 4. Qxd4 Nc6 5. Bb5 Bd7 6. Bxc6 Bxc6 7. Nc3 Nf6 8. Bg5 h6 9. Bxf6 gxf6 10. O-O-O e6 11. Rhe1 Be7 12. Nd5 Kf8 13. Nxe7 Kxe7 14. e5 Bd5 15. exd6+ Kf8 16. Qh4 Bc6 17. Rd3 Bd7 18. Rc3 e5 19. Rd1 Bc6 20. d7 a5 21. Rd6 e4 22. Nd4 Bxd7 23. Ne6+ fxe6 24. Rxd7 Qxd7 25. Qxf6+ Qf7 26. Qxh8+ Qg8 27. Qf6+ Qf7 28. Qxh6+ Qg7 29. Qf4+ Qf7 30. Qxe4 1-0

[Event "Edmonton March Invitational"]
[Site "Edmonton CAN"]
[Date "2005.03.06"]
[Round "4"]
[White "Gardner, Robert"]
[Black "Rekhson, Vladislav"]
[Result "0-1"]
[WhiteElo "2250"]
[BlackElo "2083"]
[PlyCount "88"]
[GameId "2160767910965509"]
[EventDate "2005.03.04"]
[EventType "tourn"]
[EventRounds "5"]
[EventCountry "CAN"]
[WhiteTeam "Canada"]
[BlackTeam "Canada"]
[WhiteTeamCountry "CAN"]
[BlackTeamCountry "CAN"]

1. d4 Nf6 2. Nf3 d5 3. c4 e6 4. Nc3 Be7 5. Bg5 Nbd7 6. e3 O-O 7. cxd5 exd5 8. Bd3 c6 9. O-O h6 10. Bh4 Ne4 11. Bxe7 Qxe7 12. Qc2 Ndf6 13. a3 Re8 14. b4 Nxc3 15. Qxc3 Ne4 16. Qb2 Qf6 17. Rab1 Bg4 18. Ne5 Bf5 19. Qc2 Nd6 20. a4 Rac8 21. Rfc1 Bxd3 22. Qxd3 a6 23. Nd7 Qe7 24. Ne5 Qf6 25. Nf3 Ra8 26. Ne1 Qe7 27. Nc2 Reb8 28. Na3 Ne4 29. Rb3 Rc8 30. Rcb1 b6 31. f3 Nd6 32. b5 axb5 33. axb5 c5 34. dxc5 Rxc5 35. Nc2 Rac8 36. Ne1 Qe5 37. f4 Qe4 38. Rd1 Rc1 39. Qd2 Rxd1 40. Qxd1 Rc5 41. Nf3 Nxb5 42. Rd3 Rc3 43. Rxc3 Nxc3 44. Qd4 Ne2+ 0-1